Revolt in paradise : one woman's fight for freedom in Indonesia

Bibliographic Details
Main Author: Tantri, K'tut
Format: Book
Published: New York : Clarkson N. Potter , 1989
Subjects:

MARC

LEADER 00000cam a2200000 7i4500
001 0000003845
002 000004144
005 20080109.0
020 |a 0517573733 
090 0 0 |a 959.8035   |b TAN 
100 1 |a Tantri, K'tut 
245 1 0 |a Revolt in paradise :   |b one woman's fight for freedom in Indonesia   |c K'tut Tantri 
260 |a New York :   |b Clarkson N. Potter ,   |c 1989 
300 |a 308p. ;   |c 22cm. 
650 0 0 |a World War II   |y 1939-1945   |x Prisoners and prisons   |z Japanese 
651 0 |a Indonesia   |x History   |x Japanese occupation, 1942-1949   |x Personal narration American 
999 |a 037040   |b BUKU   |c PINJAMAN   |e PERPUSTAKAAN KOMUNITI PETALING JAYA